[Event "Festugeturneringen 2017 Festgruppen"]
[Site "Aarhus"]
[Date "????.??.??"]
[Round "1"]
[White "Hansen, Morten Lyck"]
[Black "Rasmussen, Karsten"]
[Result "0-1"]
[WhiteElo "1958"]
[BlackElo "2440"]
[PlyCount "76"]
[EventType "swiss"]
[EventRounds "7"]
[EventCountry "DEN"]

1. e4 g6 2. d4 Nf6 3. Nc3 d5 4. e5 Ne4 5. Nxe4 dxe4 6. Bc4 Bg7 7. c3 c5 8. Be3
Nc6 9. Qd2 O-O 10. Ne2 Na5 11. Bb3 Nxb3 12. axb3 Be6 13. b4 cxb4 14. cxb4 f6
15. Nf4 Bd7 16. e6 Bb5 17. Ra5 a6 18. Rxb5 axb5 19. O-O g5 20. Nh5 Qd5 21. h4
h6 22. hxg5 fxg5 23. Nxg7 Kxg7 24. Qe2 Ra6 25. Rc1 Rc6 26. Rc5 Rxc5 27. dxc5
Ra8 28. Qxb5 Qd1+ 29. Qf1 Ra1 30. Qxd1 Rxd1+ 31. Kh2 Kf6 32. b5 Kxe6 33. Kg3
Rb1 34. c6 bxc6 35. bxc6 Rxb2 36. c7 Rc2 37. Bb6 h5 38. Ba5 Kd7 0-1

[Event "Festugeturneringen 2017 Festgruppen"]
[Site "Aarhus"]
[Date "????.??.??"]
[Round "1"]
[White "Jensen, Anna Hedelykke"]
[Black "Hansen, Lars"]
[Result "0-1"]
[WhiteElo "1775"]
[BlackElo "2268"]
[PlyCount "68"]
[EventType "swiss"]
[EventRounds "7"]
[EventCountry "DEN"]

1. e4 c5 2. Nc3 e6 3. f4 Nc6 4. Nf3 Nge7 5. Bc4 a6 6. d3 g6 7. O-O d5 8. Bb3
Bg7 9. e5 b5 10. a3 O-O 11. Qe1 c4 12. dxc4 dxc4 13. Ba2 Bb7 14. Be3 Qc7 15.
Qf2 Rac8 16. Nd2 Nf5 17. Bb6 Qb8 18. Rad1 Qa8 19. Rfe1 h5 20. Nce4 Nce7 21. Nc5
Nd5 22. Nxb7 Qxb7 23. Bc5 Rxc5 24. Qxc5 Nxf4 25. Nf3 Nxg2 26. Kxg2 Nh4+ 27. Kg1
Nxf3+ 28. Kf2 Nxe1 29. Rxe1 Rd8 30. Qe3 Qd5 31. Re2 Qh1 32. Kg3 Rd1 33. Rg2 Re1
34. Qf3 Bxe5+ 0-1

[Event "Festugeturneringen 2017 Festgruppen"]
[Site "Aarhus"]
[Date "????.??.??"]
[Round "1"]
[White "Matthiesen, Martin"]
[Black "Iversen, Flemming Pagh"]
[Result "1-0"]
[WhiteElo "2291"]
[BlackElo "1779"]
[PlyCount "53"]
[EventType "swiss"]
[EventRounds "7"]
[EventCountry "DEN"]

1. d4 Nf6 2. c4 g6 3. Nf3 Bg7 4. g3 O-O 5. Bg2 d6 6. O-O Nc6 7. Nc3 e5 8. d5
Ne7 9. e4 Nd7 10. Ne1 f5 11. Nd3 Nf6 12. f4 exf4 13. Nxf4 Ng4 14. Ne6 Bxe6 15.
dxe6 c6 16. Kh1 Ne5 17. Bg5 Nxc4 18. Qb3 Na5 19. Qb4 c5 20. Qa4 Nac6 21. exf5
gxf5 22. Bxc6 bxc6 23. Qh4 Re8 24. g4 Rb8 25. gxf5 Be5 26. Rg1 Kh8 27. Bf6+ 1-0

[Event "Festugeturneringen 2017 Festgruppen"]
[Site "Aarhus"]
[Date "????.??.??"]
[Round "1"]
[White "Miqueu, Jean-Philippe"]
[Black "Engsig Karup, Mogens"]
[Result "1-0"]
[WhiteElo "2106"]
[BlackElo "1529"]
[PlyCount "87"]
[EventType "swiss"]
[EventRounds "7"]
[EventCountry "DEN"]

1. e4 c5 2. Nf3 Nc6 3. Bb5 a6 4. Bxc6 bxc6 5. O-O Nf6 6. e5 Nd5 7. Re1 e6 8. d3
h6 9. Nbd2 Be7 10. Nc4 a5 11. Bd2 f6 12. Qe2 Nb4 13. Bc1 Ba6 14. a4 f5 15. Qd1
O-O 16. Nfd2 Nd5 17. Nb3 Bxc4 18. dxc4 Nc7 19. Bd2 Ne8 20. Bc3 g6 21. Qd2 Bg5
22. f4 Be7 23. Bxa5 Qc8 24. Bc3 Rf7 25. Re3 g5 26. Rg3 g4 27. Qe2 h5 28. a5 Ng7
29. Rd1 h4 30. Rgd3 Ra7 31. Bd2 Nh5 32. Be3 Rb7 33. Qd2 Rh7 34. Rxd7 Rxd7 35.
Qxd7 Qxd7 36. Rxd7 h3 37. g3 Nxg3 38. hxg3 h2+ 39. Kh1 Kf8 40. Bxc5 Ke8 41.
Rxe7+ Rxe7 42. Bxe7 Kxe7 43. a6 Kd7 44. a7 1-0

[Event "Festugeturneringen 2017 Festgruppen"]
[Site "Aarhus"]
[Date "????.??.??"]
[Round "1"]
[White "Qazizada, Jacob"]
[Black "Light, Bjarne"]
[Result "0-1"]
[WhiteElo "1611"]
[BlackElo "2223"]
[PlyCount "86"]
[EventType "swiss"]
[EventRounds "7"]
[EventCountry "DEN"]

1. e4 c5 2. Nc3 Nc6 3. f4 g6 4. Nf3 Bg7 5. Bb5 Nd4 6. O-O Nxb5 7. Nxb5 d5 8.
exd5 a6 9. Nc3 Nf6 10. d4 Nxd5 11. Nxd5 Qxd5 12. dxc5 Qxc5+ 13. Kh1 Bf5 14. c3
Rd8 15. Qe1 O-O 16. Be3 Qb5 17. Qf2 Be4 18. Nd4 Qh5 19. h3 Qxh3+ 20. Kg1 Qh5
21. Rae1 Bd3 22. Ne2 Qb5 23. f5 Qxf5 24. Qxf5 Bxf5 25. Nd4 Bd3 26. Rf2 e5 27.
Nf3 f6 28. Rd2 Bc4 29. b3 Rxd2 30. Nxd2 Bd5 31. c4 Bc6 32. b4 Rd8 33. Rb1 f5
34. g3 Rd3 35. Kf2 h6 36. b5 axb5 37. cxb5 Bd5 38. Rc1 g5 39. Nb3 f4 40. Rc8+
Kh7 41. gxf4 gxf4 42. Bc5 Kg6 43. Bd6 Bxb3 0-1

[Event "Festugeturneringen 2017 Festgruppen"]
[Site "Aarhus"]
[Date "????.??.??"]
[Round "1"]
[White "Skaarup, Kasper"]
[Black "Christensen, Tobias Bent"]
[Result "0-1"]
[WhiteElo "1853"]
[BlackElo "2353"]
[PlyCount "54"]
[EventType "swiss"]
[EventRounds "7"]
[EventCountry "DEN"]

1. d4 g6 2. e4 Bg7 3. Be3 c6 4. Nc3 Qb6 5. Nge2 Qxb2 6. Rb1 Qa3 7. Rb3 Qa5 8.
Nf4 Nf6 9. Bd3 d6 10. O-O O-O 11. d5 Nbd7 12. Qd2 Ng4 13. dxc6 Nxe3 14. fxe3
bxc6 15. Nfe2 Nc5 16. Rbb1 Na4 17. Rb3 Nxc3 18. Nxc3 Be6 19. Rb7 Qxc3 20. Qf2
Bxa2 21. Rxe7 a5 22. Qh4 Rae8 23. Ra7 Qc5 24. Ra6 Ra8 25. Rf3 Rxa6 26. Bxa6
Qxc2 27. Rh3 h6 0-1

[Event "Festugeturneringen 2017 Festgruppen"]
[Site "Aarhus"]
[Date "????.??.??"]
[Round "1"]
[White "Skytte, Rasmus"]
[Black "Taylor, Graham Christopher"]
[Result "1-0"]
[WhiteElo "2394"]
[BlackElo "1864"]
[PlyCount "63"]
[EventType "swiss"]
[EventRounds "7"]
[EventCountry "DEN"]

1. e4 e5 2. Bc4 Nf6 3. d3 Nc6 4. Nc3 Bb4 5. Nge2 d5 6. exd5 Nxd5 7. a3 Nxc3 8.
Nxc3 Bxc3+ 9. bxc3 O-O 10. O-O Qh4 11. Rb1 b6 12. Bd5 Qf6 13. f4 Rb8 14. fxe5
Qxe5 15. Qf3 Nd8 16. c4 Be6 17. Bb2 Qd6 18. Rbe1 Bxd5 19. cxd5 Qc5+ 20. Rf2 Nb7
21. Qg4 f6 22. Bd4 Qxa3 23. Bxf6 Rf7 24. Bd4 Qf8 25. Ref1 Rxf2 26. Rxf2 Qe7 27.
Bf6 Qf8 28. Qe6+ Kh8 29. Be5 Qe8 30. Rf7 Qxe6 31. dxe6 Nd6 32. Rxg7 1-0

[Event "Festugeturneringen 2017 Festgruppen"]
[Site "Aarhus"]
[Date "????.??.??"]
[Round "1"]
[White "Thogersen, Rasmus"]
[Black "Wegger, Alfred"]
[Result "1-0"]
[WhiteElo "2252"]
[BlackElo "1644"]
[PlyCount "49"]
[EventType "swiss"]
[EventRounds "7"]
[EventCountry "DEN"]

1. e4 c5 2. Nf3 Nc6 3. d4 cxd4 4. Nxd4 e6 5. Nc3 Nf6 6. Ndb5 Bb4 7. a3 Bxc3+ 8.
Nxc3 O-O 9. Qd6 Qe7 10. Bf4 b6 11. O-O-O Ng4 12. Qd2 e5 13. Bg5 f6 14. Nd5 Qd8
15. Bh4 Bb7 16. f3 Nh6 17. Nxf6+ Rxf6 18. Qxd7 Qxd7 19. Rxd7 Bc8 20. Bc4+ Kh8
21. Rc7 Rf4 22. Bg5 Rf8 23. Rxc6 Nf7 24. Be7 Re8 25. Rc7 1-0

[Event "Festugeturneringen 2017 Festgruppen"]
[Site "Aarhus"]
[Date "????.??.??"]
[Round "2"]
[White "Christensen, Tobias Bent"]
[Black "Miqueu, Jean-Philippe"]
[Result "1-0"]
[WhiteElo "2353"]
[BlackElo "2106"]
[PlyCount "187"]
[EventType "swiss"]
[EventRounds "7"]
[EventCountry "DEN"]

1. d4 d5 2. Bf4 Nf6 3. e3 c5 4. Nc3 Qb6 5. Nb5 Na6 6. Nf3 c4 7. a4 Bd7 8. c3 e6
9. Be2 Be7 10. b3 cxb3 11. Qxb3 O-O 12. O-O Rfc8 13. Ne5 Be8 14. c4 dxc4 15.
Nxc4 Qd8 16. Nbd6 Rc6 17. Nxb7 Qd5 18. Nba5 Rcc8 19. Bf3 Ne4 20. Ne5 Qxa5 21.
Bxe4 Rab8 22. Qd3 Nb4 23. Qe2 f6 24. Nc4 Qa6 25. Bxb8 Rxc4 26. Rab1 Qc8 27. Bg3
a5 28. Ra1 Kh8 29. Bd3 Rc3 30. Bb5 Bg6 31. Qd2 Be4 32. Rac1 Rc2 33. Rxc2 Bxc2
34. Rc1 h5 35. h3 g5 36. h4 Kg7 37. hxg5 fxg5 38. Be5+ Kh6 39. Qe2 g4 40. Bf4+
Bg5 41. Bxg5+ Kxg5 42. f4+ Kf6 43. e4 Qc3 44. e5+ Ke7 45. Qf2 g3 46. Qf3 Qxd4+
47. Kh1 Qd2 48. Qb7+ Kf8 49. Rf1 Bf5 50. Qc8+ Kg7 51. Qc7+ Kg6 52. Be8+ Kh6 53.
Qf7 Qe2 54. Qf6+ Kh7 55. Rc1 Nc2 56. Qf7+ Kh6 57. Qf8+ Kh7 58. Qe7+ Kh6 59.
Qg5+ Kh7 60. Bxh5 Qd2 61. Rb1 Nb4 62. Rg1 Nd3 63. Bg6+ Bxg6 64. Qxg3 Qxf4 65.
Qxf4 Nxf4 66. Rc1 Nd3 67. Rc7+ Kh6 68. Ra7 Nxe5 69. Rxa5 Nd7 70. Ra7 Nc5 71. a5
Bd3 72. Rc7 Na6 73. Rd7 Bc4 74. Rd4 Bd5 75. Rg4 Kh5 76. Rg8 Bc4 77. Kg1 e5 78.
Rg3 e4 79. Kf2 Bd3 80. Ke3 Nc5 81. Rg8 Kh6 82. Rc8 Na6 83. Kf4 Kg6 84. Rc6+ Kf7
85. g4 Nb4 86. Rc5 Ke6 87. g5 Nd5+ 88. Kg3 e3 89. Rc6+ Ke5 90. g6 e2 91. Kf2
Nf4 92. g7 Bh7 93. a6 Kd5 94. Rc8 1-0

[Event "Festugeturneringen 2017 Festgruppen"]
[Site "Aarhus"]
[Date "????.??.??"]
[Round "2"]
[White "Hansen, Lars"]
[Black "Vangsgard, Freja"]
[Result "1/2-1/2"]
[WhiteElo "2268"]
[BlackElo "2062"]
[PlyCount "67"]
[EventType "swiss"]
[EventRounds "7"]
[EventCountry "DEN"]

1. e4 c6 2. d4 d5 3. exd5 cxd5 4. Bd3 Nc6 5. c3 Qc7 6. Ne2 Nf6 7. Bf4 Qb6 8.
Qc2 Bg4 9. O-O e6 10. Ng3 Nh5 11. Nxh5 Bxh5 12. Nd2 Bg6 13. Bxg6 hxg6 14. Nf3
Be7 15. Rfe1 O-O 16. Qb3 Na5 17. Qxb6 axb6 18. Ne5 Rfd8 19. h3 Rac8 20. Re2 Nc4
21. Nd3 Bd6 22. Bxd6 Nxd6 23. Rae1 Rc7 24. f3 Rdc8 25. Kf2 Nf5 26. Ne5 Ne7 27.
g4 b5 28. Nd3 b6 29. Nb4 Nc6 30. Nxc6 Rxc6 31. a3 Kf8 32. Ke3 Ke7 33. Kd3 Kd6
34. Kc2 1/2-1/2

[Event "Festugeturneringen 2017 Festgruppen"]
[Site "Aarhus"]
[Date "????.??.??"]
[Round "2"]
[White "Hardlei, Johan"]
[Black "Matthiesen, Martin"]
[Result "1-0"]
[WhiteElo "2171"]
[BlackElo "2291"]
[PlyCount "87"]
[EventType "swiss"]
[EventRounds "7"]
[EventCountry "DEN"]

1. Nf3 Nf6 2. b3 g6 3. Bb2 Bg7 4. e3 O-O 5. Be2 d6 6. d4 Nbd7 7. O-O e5 8. dxe5
Ng4 9. c4 dxe5 10. h3 Nh6 11. Nc3 f6 12. Qd2 Nf7 13. Rfd1 Re8 14. Rac1 f5 15.
a3 c6 16. b4 Qe7 17. e4 Bh6 18. Qc2 Bxc1 19. Bxc1 Nf6 20. c5 Be6 21. Ng5 f4 22.
Nxe6 Qxe6 23. Na4 Kg7 24. Bc4 Qe7 25. Bb2 Rad8 26. Rxd8 Rxd8 27. Bc3 Rd7 28.
Nb2 Ng5 29. Nd3 Ngxe4 30. Nxe5 Rd8 31. Bb2 Rd2 32. Qb3 Rxf2 33. Ng4 Rxb2 34.
Qxb2 h5 35. Ne5 Ng3 36. Nf3 Qe3+ 37. Kh2 Nge4 38. Qe5 Kh6 39. Qe7 Nh7 40. Bg8
Nef6 41. Be6 g5 42. Qf7 g4 43. Bf5 Nf8 44. Qxf8# 1-0

[Event "Festugeturneringen 2017 Festgruppen"]
[Site "Aarhus"]
[Date "????.??.??"]
[Round "2"]
[White "Holm, Filip Martin Kierulf"]
[Black "Hansen, Morten Lyck"]
[Result "0-1"]
[WhiteElo "1807"]
[BlackElo "1958"]
[PlyCount "78"]
[EventType "swiss"]
[EventRounds "7"]
[EventCountry "DEN"]

1. e4 c6 2. d4 d5 3. f3 dxe4 4. fxe4 e5 5. Nf3 Bg4 6. c3 Nf6 7. Bg5 exd4 8. e5
h6 9. Bh4 g5 10. Qxd4 Qxd4 11. cxd4 Bb4+ 12. Nfd2 Ne4 13. Bf2 Nxf2 14. Kxf2 Nd7
15. Bd3 O-O-O 16. a3 Bxd2 17. Nxd2 Nxe5 18. dxe5 Rxd3 19. Nf3 Bxf3 20. gxf3
Rd2+ 21. Kg3 Rxb2 22. Rhe1 Rd8 23. e6 fxe6 24. Rxe6 Rdd2 25. Rh1 Rg2+ 26. Kh3
h5 27. Rg6 c5 28. Rh6 g4+ 29. fxg4 hxg4+ 30. Kh4 Rxh2+ 31. Kg5 Rxh1 32. Rxh1 g3
33. Rg1 g2 34. Kf4 Kc7 35. Kf3 Kc6 36. Ke4 b5 37. Rd1 a5 38. Ke5 Re2+ 39. Kf4
Rf2+ 0-1

[Event "Festugeturneringen 2017 Festgruppen"]
[Site "Aarhus"]
[Date "????.??.??"]
[Round "2"]
[White "Light, Bjarne"]
[Black "Skytte, Rasmus"]
[Result "1-0"]
[WhiteElo "2223"]
[BlackElo "2394"]
[PlyCount "133"]
[EventType "swiss"]
[EventRounds "7"]
[EventCountry "DEN"]

1. c4 g6 2. g3 Bg7 3. Bg2 e6 4. Nf3 Ne7 5. d3 d5 6. Nbd2 O-O 7. O-O c5 8. a3
Nbc6 9. Rb1 a5 10. b3 d4 11. Ne4 b6 12. b4 axb4 13. axb4 Nxb4 14. Bf4 Nbc6 15.
Nd6 Bd7 16. Nb7 Qc8 17. Nd6 Qa6 18. Nb5 Rac8 19. Bd6 Bf6 20. Nd2 Nf5 21. Ne4
Be7 22. Bxe7 Nfxe7 23. Nf6+ Kh8 24. Nxd7 Na5 25. Nxf8 Rxf8 26. e3 dxe3 27. fxe3
Qc8 28. Qf3 f6 29. Qe4 Qd7 30. Bh3 f5 31. Qe5+ Kg8 32. Qd6 Rd8 33. Qxd7 Rxd7
34. Rfd1 Nec6 35. Nc3 Ne5 36. Bf1 Rd6 37. Na4 Rd8 38. Nxb6 Ng4 39. Re1 Nc6 40.
Na4 Nce5 41. Kg2 Nxd3 42. Bxd3 Rxd3 43. Nxc5 Rd2+ 44. Kg1 Nxh2 45. Rf1 Nxf1 46.
Kxf1 Rc2 47. Rb4 Kf7 48. Nd3 h5 49. c5 g5 50. Rb2 Rc3 51. Ke2 h4 52. gxh4 gxh4
53. Rb7+ Kg8 54. Rb4 Rc2+ 55. Kf3 Rc3 56. Ke2 Rc2+ 57. Kd1 Ra2 58. Rxh4 Ra8 59.
Kc2 Kf7 60. Rh7+ Kf6 61. Rb7 e5 62. Kc3 Rc8 63. Kc4 f4 64. exf4 e4 65. Nb4 Kf5
66. Nd5 e3 67. Ne7+ 1-0

[Event "Festugeturneringen 2017 Festgruppen"]
[Site "Aarhus"]
[Date "????.??.??"]
[Round "2"]
[White "Rasmussen, Karsten"]
[Black "Thogersen, Rasmus"]
[Result "0-1"]
[WhiteElo "2440"]
[BlackElo "2252"]
[PlyCount "94"]
[EventType "swiss"]
[EventRounds "7"]
[EventCountry "DEN"]

1. c4 g6 2. g3 Bg7 3. Bg2 c5 4. Nc3 Nc6 5. Nf3 e6 6. O-O d5 7. cxd5 exd5 8. d4
cxd4 9. Nb5 Nge7 10. Nbxd4 O-O 11. Be3 Re8 12. Qd2 Nf5 13. Nxc6 bxc6 14. Bc5
Rb8 15. Rab1 Nd6 16. Bxa7 Ra8 17. Bd4 Ne4 18. Qc2 Bxd4 19. Nxd4 c5 20. Bxe4
cxd4 21. Bd3 Bh3 22. Rfc1 Rxa2 23. Ra1 Qa8 24. Rxa2 Qxa2 25. b4 Rc8 26. Qb1
Rxc1+ 27. Qxc1 Qb3 28. b5 Kg7 29. Qb1 Qxb1+ 30. Bxb1 Kf6 31. f4 Ke7 32. Kf2 Kd6
33. Bd3 Kc5 34. Kf3 Bd7 35. f5 Bxb5 36. Kf4 Bxd3 37. exd3 Kb4 38. f6 Kc3 39.
Ke5 Kxd3 40. Kd6 Ke4 41. Ke7 d3 42. Kxf7 d2 43. Kg7 d1=Q 44. Kxh7 Qh5+ 45. Kg7
d4 46. f7 Qe5+ 47. Kxg6 Qh8 0-1

[Event "Festugeturneringen 2017 Festgruppen"]
[Site "Aarhus"]
[Date "????.??.??"]
[Round "2"]
[White "Taylor, Graham Christopher"]
[Black "Qazizada, Jacob"]
[Result "1-0"]
[WhiteElo "1864"]
[BlackElo "1611"]
[PlyCount "45"]
[EventType "swiss"]
[EventRounds "7"]
[EventCountry "DEN"]

1. e4 e6 2. d4 d5 3. Nc3 Nf6 4. e5 Nfd7 5. f4 c5 6. Nf3 Nc6 7. Be3 cxd4 8. Nxd4
Bb4 9. Qd2 Nxd4 10. Bxd4 Nb6 11. b3 Bd7 12. a3 Bxc3 13. Qxc3 Rc8 14. Qg3 O-O
15. Bd3 Qe8 16. O-O Bb5 17. f5 Bxd3 18. cxd3 exf5 19. Rxf5 Nd7 20. e6 Nf6 21.
Bxf6 g6 22. Qh4 h5 23. Rxh5 1-0

[Event "Festugeturneringen 2017 Festgruppen"]
[Site "Aarhus"]
[Date "????.??.??"]
[Round "2"]
[White "Wegger, Alfred"]
[Black "Skaarup, Kasper"]
[Result "0-1"]
[WhiteElo "1644"]
[BlackElo "1853"]
[PlyCount "40"]
[EventType "swiss"]
[EventRounds "7"]
[EventCountry "DEN"]

1. e4 e6 2. d4 d5 3. e5 c5 4. c3 Qb6 5. Nf3 Nc6 6. Bd3 Bd7 7. dxc5 Bxc5 8. O-O
f6 9. exf6 Nxf6 10. Nbd2 O-O 11. Nb3 Bd6 12. Bg5 e5 13. Bxf6 Rxf6 14. Bc2 Ne7
15. Re1 e4 16. Nfd4 Raf8 17. Re2 Bg4 18. f3 exf3 19. Rf2 fxg2 20. Qd2 Rxf2 0-1

[Event "Festugeturneringen 2017 Festgruppen"]
[Site "Aarhus"]
[Date "????.??.??"]
[Round "3"]
[White "Hansen, Morten Lyck"]
[Black "Prasse, Jens Jacob"]
[Result "1-0"]
[WhiteElo "1958"]
[BlackElo "1500"]
[PlyCount "71"]
[EventType "swiss"]
[EventRounds "7"]
[EventCountry "DEN"]

1. e4 c6 2. d4 d5 3. Nc3 Nf6 4. e5 Ne4 5. Nxe4 dxe4 6. Bc4 b5 7. Bb3 Bf5 8. g4
Bg6 9. Ne2 e6 10. h4 h6 11. Nf4 Bh7 12. Be3 Be7 13. h5 Nd7 14. Qd2 Rc8 15. Bxe6
O-O 16. Bb3 c5 17. c3 c4 18. Bc2 a5 19. Ke2 b4 20. Nd5 Nb6 21. Nxe7+ Qxe7 22.
Rag1 f6 23. d5 bxc3 24. bxc3 Nd7 25. e6 Nc5 26. Bxc5 Rxc5 27. Ba4 Rd8 28. Bd7
Qd6 29. Rd1 Kf8 30. Qd4 Rc7 31. Ke3 Ke7 32. Rb1 Qa3 33. Rb6 Kf8 34. d6 Rcxd7
35. exd7 Rxd7 36. Rb8+ 1-0

[Event "Festugeturneringen 2017 Festgruppen"]
[Site "Aarhus"]
[Date "????.??.??"]
[Round "3"]
[White "Light, Bjarne"]
[Black "Christensen, Tobias Bent"]
[Result "1-0"]
[WhiteElo "2223"]
[BlackElo "2353"]
[PlyCount "127"]
[EventType "swiss"]
[EventRounds "7"]
[EventCountry "DEN"]

1. c4 e5 2. g3 c6 3. Nf3 e4 4. Nd4 d5 5. cxd5 Qxd5 6. Nc2 Nf6 7. Bg2 Qe5 8. Nc3
Bc5 9. b3 O-O 10. Bb2 Qe7 11. Ne3 Bxe3 12. fxe3 Bf5 13. O-O Bg6 14. Qc1 Re8 15.
Na4 Nbd7 16. Qc2 Nd5 17. a3 Rad8 18. Rac1 f6 19. b4 h6 20. Bd4 a6 21. Nc5 Nxc5
22. bxc5 Kh7 23. Rb1 Rb8 24. Rb2 Rbc8 25. Rfb1 Rc7 26. Qa4 Qf7 27. Qc2 Ree7 28.
Bc3 Nxc3 29. Qxc3 Qe6 30. Rb4 Rcd7 31. Rf1 Qe5 32. Rd4 Rd5 33. Rxd5 Qxc3 34.
dxc3 cxd5 35. Rb1 Rc7 36. Kf2 Rxc5 37. Rxb7 Rxc3 38. a4 Rc4 39. Bh3 f5 40. g4
fxg4 41. Bxg4 Rc6 42. a5 Rf6+ 43. Ke1 h5 44. Bh3 Be8 45. Rb6 Bb5 46. Bc8 Kg6
47. Bb7 Bc4 48. Kd2 Kg5 49. Kc3 Kh4 50. Kd4 Bxe2 51. Bxd5 Kh3 52. Bxe4 Kxh2 53.
Rb2 Rf2 54. Bd3 Kg3 55. Rxe2 Rxe2 56. Bxe2 h4 57. Bxa6 Kf2 58. Bb7 g5 59. a6 g4
60. a7 g3 61. a8=Q h3 62. Qa2+ Kg1 63. Qb1+ Kh2 64. Qh1# 1-0

[Event "Festugeturneringen 2017 Festgruppen"]
[Site "Aarhus"]
[Date "????.??.??"]
[Round "3"]
[White "Matthiesen, Martin"]
[Black "Holm, Filip Martin Kierulf"]
[Result "1-0"]
[WhiteElo "2291"]
[BlackElo "1807"]
[PlyCount "81"]
[EventType "swiss"]
[EventRounds "7"]
[EventCountry "DEN"]

1. Nf3 d5 2. c4 e6 3. g3 Nf6 4. Bg2 c6 5. b3 g6 6. Bb2 Bg7 7. O-O O-O 8. d4 b6
9. Nbd2 Ba6 10. Ne5 Qd6 11. e4 Nbd7 12. Qc2 dxe4 13. Nxe4 Nxe4 14. Qxe4 c5 15.
Rad1 cxd4 16. Nxd7 Qxd7 17. Bxd4 Bxd4 18. Qxd4 Qxd4 19. Rxd4 Rad8 20. Rfd1 Rxd4
21. Rxd4 Bc8 22. Rd6 Kg7 23. Kf1 Kf6 24. Rc6 Rd8 25. Rc7 a6 26. Ke2 b5 27. c5
Rf8 28. Ra7 Ke5 29. Ke3 h5 30. f4+ Kf6 31. c6 e5 32. Bd5 exf4+ 33. gxf4 Re8+
34. Kd4 Re7 35. Ra8 Be6 36. Rxa6 Bxd5 37. c7+ Re6 38. c8=Q Rxa6 39. Qxa6+ Be6
40. Qxb5 Kg7 41. Ke5 1-0

[Event "Festugeturneringen 2017 Festgruppen"]
[Site "Aarhus"]
[Date "????.??.??"]
[Round "3"]
[White "Miqueu, Jean-Philippe"]
[Black "Iversen, Flemming Pagh"]
[Result "1-0"]
[WhiteElo "2106"]
[BlackElo "1779"]
[PlyCount "111"]
[EventType "swiss"]
[EventRounds "7"]
[EventCountry "DEN"]

1. e4 g6 2. d4 d6 3. Nc3 Bg7 4. Be3 Nc6 5. h3 e5 6. Nf3 Nf6 7. dxe5 dxe5 8.
Qxd8+ Kxd8 9. Bc4 Be6 10. Bxe6 fxe6 11. Ng5 Re8 12. O-O-O+ Kc8 13. Rd2 h6 14.
Nf3 b6 15. Rhd1 Kb7 16. Nh4 g5 17. Nf3 Bf8 18. a3 a5 19. Ng1 Rad8 20. Rxd8 Rxd8
21. Rxd8 Nxd8 22. f3 Nc6 23. Nge2 Nh5 24. g3 Bg7 25. Nb5 Nf6 26. Kd2 Ne8 27. a4
Bf8 28. g4 Ne7 29. Bf2 Ng6 30. Bg3 c6 31. Nbc3 Nd6 32. Kd3 Kc7 33. Bf2 Nb7 34.
Be3 Nd6 35. Nb1 Nb7 36. b3 Nc5+ 37. Kd2 Nh4 38. Ng1 Ng6 39. Ke2 Nf4+ 40. Kf2 b5
41. Nc3 b4 42. Nb1 Ng6 43. Nd2 Nb7 44. Nc4 c5 45. Ne2 Be7 46. Nc1 Bd8 47. Nd3
Bf6 48. Nxc5 Nxc5 49. Bxc5 Nf4 50. Nxa5 Nxh3+ 51. Ke3 Nf4 52. Bxb4 Ng2+ 53. Kf2
Nf4 54. Nc4 Nh3+ 55. Ke3 Nf4 56. Bd6+ 1-0

[Event "Festugeturneringen 2017 Festgruppen"]
[Site "Aarhus"]
[Date "????.??.??"]
[Round "3"]
[White "Skaarup, Kasper"]
[Black "Taylor, Graham Christopher"]
[Result "1-0"]
[WhiteElo "1853"]
[BlackElo "1864"]
[PlyCount "97"]
[EventType "swiss"]
[EventRounds "7"]
[EventCountry "DEN"]

1. d4 d5 2. c4 e6 3. Nc3 Bb4 4. cxd5 exd5 5. Nf3 Nf6 6. Bg5 O-O 7. e3 Bf5 8.
Qb3 Qd6 9. Bxf6 gxf6 10. a3 Ba5 11. Qxb7 Nd7 12. Qa6 Bb6 13. Qe2 c5 14. Qd2 c4
15. Be2 Kh8 16. Nh4 Be6 17. Bf3 f5 18. g3 Nf6 19. Ng2 Ne4 20. Nxe4 fxe4 21. Bd1
Qd8 22. O-O Qf6 23. Nf4 Rg8 24. b3 Bc7 25. Nxe6 Qxe6 26. bxc4 dxc4 27. f4 exf3
28. Bxf3 Rae8 29. Rae1 Qd6 30. Rc1 Qxa3 31. Rxc4 Bb6 32. Rc3 Qd6 33. Rc6 Qe7
34. Re1 Rg6 35. Qc3 Rxc6 36. Bxc6 Kg8 37. Bxe8 Qxe8 38. Rc1 Qe4 39. Rf1 Qd5 40.
Rf4 Qd7 41. Qc4 Kf8 42. Kf2 Ke7 43. d5 Kd8 44. d6 Qxd6 45. Rxf7 Qd2+ 46. Kf3
Qxe3+ 47. Kg4 Qe8 48. Qd5+ Kc8 49. Qa8# 1-0

[Event "Festugeturneringen 2017 Festgruppen"]
[Site "Aarhus"]
[Date "????.??.??"]
[Round "3"]
[White "Skytte, Rasmus"]
[Black "Hansen, Lars"]
[Result "1-0"]
[WhiteElo "2394"]
[BlackElo "2268"]
[PlyCount "53"]
[EventType "swiss"]
[EventRounds "7"]
[EventCountry "DEN"]

1. e4 e6 2. d4 d5 3. Nd2 Nf6 4. Bd3 c5 5. c3 dxe4 6. Nxe4 cxd4 7. cxd4 Bb4+ 8.
Nc3 O-O 9. Nf3 b6 10. O-O Bb7 11. Re1 Nc6 12. a3 Bd6 13. Bc2 Ne7 14. Bg5 Ng6
15. Ne5 Rc8 16. Bb3 Be7 17. Nxf7 Rxf7 18. Bxe6 Rxc3 19. bxc3 Bd5 20. Bxf7+ Bxf7
21. Qf3 h6 22. Bxf6 Bxf6 23. Rad1 Bd5 24. Qg4 Kf7 25. Qh5 Bb3 26. f4 Bxd1 27.
Rxd1 1-0

[Event "Festugeturneringen 2017 Festgruppen"]
[Site "Aarhus"]
[Date "????.??.??"]
[Round "3"]
[White "Thogersen, Rasmus"]
[Black "Hardlei, Johan"]
[Result "0-1"]
[WhiteElo "2252"]
[BlackElo "2171"]
[PlyCount "52"]
[EventType "swiss"]
[EventRounds "7"]
[EventCountry "DEN"]

1. e4 c5 2. Nf3 d6 3. d4 cxd4 4. Nxd4 Nf6 5. Nc3 g6 6. Be3 Bg7 7. f3 O-O 8. Qd2
Nc6 9. Bc4 Bd7 10. O-O-O Rc8 11. Bb3 Nxd4 12. Bxd4 b5 13. Nd5 Nxd5 14. Bxg7
Kxg7 15. exd5 a5 16. a3 b4 17. axb4 axb4 18. Qxb4 Kg8 19. h4 Rc5 20. h5 Qc7 21.
hxg6 fxg6 22. Qh4 Rf7 23. g4 Qa7 24. c3 Ba4 25. Bxa4 Qxa4 26. Rd4 Qxd4 0-1

[Event "Festugeturneringen 2017 Festgruppen"]
[Site "Aarhus"]
[Date "????.??.??"]
[Round "3"]
[White "Vangsgard, Freja"]
[Black "Rasmussen, Karsten"]
[Result "0-1"]
[WhiteElo "2062"]
[BlackElo "2440"]
[PlyCount "68"]
[EventType "swiss"]
[EventRounds "7"]
[EventCountry "DEN"]

1. d4 d5 2. c4 e6 3. Nc3 c6 4. Nf3 Nf6 5. e3 Nbd7 6. b3 Bd6 7. Be2 O-O 8. Bb2
b6 9. O-O Bb7 10. Qc2 Qe7 11. a3 Rac8 12. b4 dxc4 13. Bxc4 c5 14. bxc5 bxc5 15.
Nd2 cxd4 16. exd4 Ng4 17. h3 Nh2 18. Rfe1 Qg5 19. Nce4 Qg6 20. Rac1 Bf4 21. f3
Nb6 22. Qb3 Nxc4 23. Rxc4 Bd5 24. Rec1 Bxc4 25. Rxc4 Rxc4 26. Nxc4 Rb8 27. Qd1
Qf5 28. Bc1 Bxc1 29. Qxc1 Nxf3+ 30. gxf3 Qxf3 31. Ncd2 Qe3+ 32. Kg2 f5 33. Qc7
Rf8 34. Qg3 Qxd4 0-1

[Event "Festugeturneringen 2017 Festgruppen"]
[Site "Aarhus"]
[Date "????.??.??"]
[Round "4"]
[White "Christensen, Tobias Bent"]
[Black "Hansen, Morten Lyck"]
[Result "1-0"]
[WhiteElo "2353"]
[BlackElo "1958"]
[PlyCount "115"]
[EventType "swiss"]
[EventRounds "7"]
[EventCountry "DEN"]

1. e4 c6 2. d4 d5 3. Nc3 dxe4 4. Nxe4 Bf5 5. Ng3 Bg6 6. Nh3 e6 7. Nf4 Nf6 8. h4
Bd6 9. h5 Bf5 10. Nxf5 exf5 11. Qe2+ Be7 12. c3 O-O 13. Qc2 Ne4 14. Bd3 Bd6 15.
O-O Re8 16. Bxe4 fxe4 17. Re1 Nd7 18. Rxe4 Rxe4 19. Qxe4 Nf6 20. Qf3 h6 21. Nd3
Nh7 22. Qg4 Kh8 23. Bf4 Nf6 24. Qf3 Bxf4 25. Nxf4 Qb6 26. Nd3 Re8 27. b4 Re7
28. Ne5 Qd8 29. a4 Kg8 30. a5 a6 31. Rc1 Re6 32. g3 Qe7 33. Kg2 Nd7 34. Nxd7
Qxd7 35. Rd1 Rf6 36. Qe4 Rf5 37. Re1 Kf8 38. g4 Rg5 39. f3 f5 40. Qf4 Qd8 41.
Re5 Kg8 42. Rxf5 Rxf5 43. Qxf5 Qe7 44. Qe5 Qf7 45. Kg3 Qc4 46. Qe8+ Kh7 47. g5
hxg5 48. Qg6+ Kh8 49. h6 gxh6 50. Qxh6+ Kg8 51. Qxg5+ Kf7 52. Qf5+ Kg7 53. Qg5+
Kf7 54. Qe3 Kf6 55. d5 Qa2 56. Qe6+ Kg7 57. Qd7+ Kg6 58. dxc6 1-0